| 000 | 01328cab a2200229 4500 | ||
|---|---|---|---|
| 001 | ABS68845 | ||
| 008 | 050314n2005 000 0 eng u | ||
| 035 | _a(Sirsi) u129042 | ||
| 100 | _aGreenberg, L. | ||
| 245 | _aWhat is the tenancy deposit scheme for regulated agents? | ||
| 260 | _c2005 | ||
| 490 |
_aEstate Agent _v February/March 2005, 9-10(2) |
||
| 520 | _aDescribes the operation of the Tenancy Deposit Scheme for Regulated Agents (TDSRA) and how it meets the requirements of the Housing Act 2004, which makes it mandatory for tenancy deposits to be protected and that disputes over their return be open to resolution without access to the courts. It covers the key elements of the Act, how TDSRA works, who can join the scheme, its definition of an approved body and how the scheme is managed. Concludes with a summary of the benefits for regulated agents. View further information at www.tds.gb.com. | ||
| 590 | _aABS | ||
| 650 | _aTENANCY DEPOSIT SCHEME FOR REGULATED AGENTS | ||
| 650 | _aTENANCY DEPOSIT SCHEME (TDS) | ||
| 650 | _aHOUSING ACT 2004 | ||
| 650 | _aASSURED SHORTHOLD TENANCIES | ||
| 690 | _aPROPERTY-RESIDENTIAL PROPERTY-RESIDENTIAL LANDLORD AND TENANT-RESIDENTIAL TENANCIES | ||
| 856 |
_uhttps://www.tds.gb.com/ _z View further information on the Dispute Service website... |
||
| 942 | _n0 | ||
| 999 |
_c74912 _d74912 |
||